Buenos dias, querida ballena / (Record no. 28041)
[ view plain ]
| 000 -LEADER | |
|---|---|
| fixed length control field | 00752nam a2200241Ii 4500 |
| 001 - CONTROL NUMBER | |
| control field | sjdsCFL74255 |
| 003 - CONTROL NUMBER IDENTIFIER | |
| control field | sjds |
| 005 - DATE AND TIME OF LATEST TRANSACTION | |
| control field | 20240808185103.0 |
| 008 - FIXED-LENGTH DATA ELEMENTS--GENERAL INFORMATION | |
| fixed length control field | 800417s1978 sp a j 00011 spa d |
| 020 ## - INTERNATIONAL STANDARD BOOK NUMBER | |
| International Standard Book Number | 8426115489 : |
| Terms of availability | $6.50 (U. S.) |
| 020 ## - INTERNATIONAL STANDARD BOOK NUMBER | |
| International Standard Book Number | 9788426115485 |
| 040 ## - CATALOGING SOURCE | |
| Modifying agency | m.c. |
| -- | CFL |
| Transcribing agency | sjds |
| 041 ## - LANGUAGE CODE | |
| Language code of text/sound track or separate title | spa |
| 100 1# - MAIN ENTRY--PERSONAL NAME | |
| Personal name | Broger, Achim. |
| 245 10 - TITLE STATEMENT | |
| Title | Buenos dias, querida ballena / |
| Statement of responsibility, etc. | Achim Broger, Gisela Kalow ; traduccion de Herminia Dauer. |
| 250 ## - EDITION STATEMENT | |
| Edition statement | 1. ed. |
| 260 0# - PUBLICATION, DISTRIBUTION, ETC. (IMPRINT) | |
| Place of publication, distribution, etc. | Barcelona : |
| Name of publisher, distributor, etc. | Editorial Juventud ; |
| -- | distributed by Bilingual Publications, |
| Date of publication, distribution, etc. | 1978. |
| 300 ## - PHYSICAL DESCRIPTION | |
| Extent | [28] p. : |
| Other physical details | col. ill. ; |
| Dimensions | 24 cm. |
| 650 #0 - SUBJECT ADDED ENTRY--TOPICAL TERM | |
| Topical term or geographic name as entry element | Spanish language materials. |
| 700 1# - ADDED ENTRY--PERSONAL NAME | |
| Personal name | Kalow, Gisela |
| 700 1# - ADDED ENTRY--PERSONAL NAME | |
| Personal name | Dauer, Herminia |
| Relator term | traduccion |
| 942 ## - ADDED ENTRY ELEMENTS (KOHA) | |
| Koha item type | Libro/Book |
| Source of classification or shelving scheme | Dewey Decimal Classification |
| Withdrawn status | Lost status | Damaged status | Not for loan | Home library | Current library | Date acquired | Inventory number | Total Checkouts | Full call number | Barcode | Checked out | Date last seen | Date checked out | Price effective from | Koha item type | Shelving location |
|---|---|---|---|---|---|---|---|---|---|---|---|---|---|---|---|---|
| San Juan Del Sur -- Mobile | Collado | 10/02/2023 | Inventory date: 1-2-25 | 1 | JI | 30029666 | 14/04/2026 | 10/03/2026 | 10/03/2026 | 10/02/2023 | Libro/Book | |||||
| San Juan Del Sur -- Mobile | Collado | 13/02/2023 | Inventory date: 1-2-25 | 1 | JI | 30029667 | 14/04/2026 | 10/03/2026 | 10/03/2026 | 13/02/2023 | Libro/Book | |||||
| San Juan Del Sur -- Mobile | El Baston | 17/03/2025 | Inventory date: 13-3-25 | 1 | JI | 30030772 | 05/05/2026 | 31/03/2026 | 31/03/2026 | 17/03/2025 | Libro/Book | |||||
| San Juan Del Sur -- Mobile | El coco | 10/02/2023 | Inventory date: 1-2-25 | 1 | JI | 30029665 | 15/04/2026 | 11/03/2026 | 11/03/2026 | 10/02/2023 | Libro/Book | |||||
| San Juan Del Sur -- Biblioteca | San Juan Del Sur -- Biblioteca | 05/08/2024 | JI ESPANOL | 30026500 | 05/08/2024 | 05/08/2024 | Libro/Book | Children's Area | ||||||||
| San Juan Del Sur -- Mobile | San Juan Del Sur -- Mobile | 14/09/2023 | Inventory date: 27-2-25 | 4 | JFI | 33017508 | 07/11/2024 | 30/10/2024 | 14/09/2023 | Libro/Book | ||||||
| San Juan Del Sur -- Mobile | San francisco de asis | 14/09/2023 | 3 | JI | 33017514 | 10/10/2024 | 05/09/2024 | 05/09/2024 | 14/09/2023 | Libro/Book | ||||||
| San Juan Del Sur -- Mobile | San francisco de asis | 14/09/2023 | 4 | JI | 33017517 | 26/11/2024 | 22/10/2024 | 22/10/2024 | 14/09/2023 | Libro/Book |